Ricostruisci la Carriera del Calciatore - Fabrizio Miccoli - Statistics

Statistiche generali
  • Questo quiz è stato fatto 10 volte
  • Il punteggio medio è 4 su 9
Statistiche sulle risposte
Hint Risposta % Corretto
1996-1998 Casarano
67%
1998-2002 Ternana
67%
2005-2007 Benfica
50%
2015 Birkirkara
50%
2013-2015 Lecce
50%
2002-2003 Perugia
50%
2004-2005 Fiorentina
33%
2003-2004 Juventus
33%
2007-2013 Palermo
33%
Nessun quiz corrispondente trovato
Distribuzione punteggi
Percentuale di utenti per punteggio
Percentile per numero di risposta
I tuoi punteggi nel tempo
Non hai fatto questo quiz